Normal view
MARC view
- Richard E. Woods
Entry Corporate Name
001 - CONTROL NUMBER
- control field: 124039
003 - CONTROL NUMBER IDENTIFIER
- control field: NUST
005 - DATE AND TIME OF LATEST TRANSACTION
- control field: 20240704151856.0
008 - FIXED-LENGTH DATA ELEMENTS
- fixed length control field: 240704|| aca||aabn | a|a d
040 ## - CATALOGING SOURCE
- Original cataloging agency: NUST
- Transcribing agency: NUST
110 ## - HEADING--CORPORATE NAME
- Corporate name or jurisdiction name as entry element: Richard E. Woods
670 ## - SOURCE DATA FOUND
- Source citation: Work cat.: (NUST): Rafael C. Gonzalez 124038, Digital Image Processing, 2018.
